No. 5278, in Court of Appeals of D.C., Apr. term, 1930; Charles McK. Saltzman, Ira E. Robinson, Eugene O. Sykes, and others, appellants volume Stromberg-Carlson Telephone Manufacturing Company, corporation, appellee; appeal from Supreme Court of D.C : Brief of appellants.

Bibliographic Details
Corporate Author: United States. Federal Radio Commission
Format: Government Document eBook
Language:English
Published: [Washington] : GPO, 1930.
Subjects:
Online Access:Connect to the full text of this electronic document

MARC

Tag First Indicator Second Indicator Subfields
LEADER 00000cam a22000001a 4500
001 in00003772610
005 20190409170656.0
006 m o d f
007 cr bn mmmapmmp
008 141211s1930 dcu o f000 0 eng d
035 |a ebd1910704774 
040 |a UMI  |c UMI  |d UtOrBLW 
086 0 |a RC 1.7:St 87 
099 |a RC1.7-27.1 
110 1 |a United States.  |b Federal Radio Commission.  |0 http://id.loc.gov/authorities/names/n80051252 
245 1 0 |a No. 5278, in Court of Appeals of D.C., Apr. term, 1930; Charles McK. Saltzman, Ira E. Robinson, Eugene O. Sykes, and others, appellants volume Stromberg-Carlson Telephone Manufacturing Company, corporation, appellee; appeal from Supreme Court of D.C :  |b Brief of appellants. 
264 1 |a [Washington] :  |b GPO,  |c 1930. 
300 |a 1 online resource (ii+34 pages) 
336 |a text  |b txt  |2 rdacontent 
337 |a computer  |b c  |2 rdamedia 
338 |a online resource  |b cr  |2 rdacarrier 
533 |a Electronic reproduction.  |b [Bethesda, Md.] :  |c ProQuest,  |d 2014.  |e digital, PDF file.  |n ProQuest U.S. Executive Branch Documents  |n Mode of access: World Wide Web via ProQuest website. 
588 |a Record is based on online resource; title from PDF title page (ProQuest, last viewed Dec. 2014). Reuse except for individual research requires license from ProQuest, LLC. 
500 |a Electronic resource. 
650 0 |a Radio.  |0 http://id.loc.gov/authorities/subjects/sh85110385 
655 7 |a Electronic books.  |2 local 
856 4 0 |u http://proxy.library.tamu.edu/login?url=http://congressional.proquest.com/congressional/docview/t66.d71.rc1.7-27.1  |z Connect to the full text of this electronic document  |t 0 
999 f f |s f7aef005-de3c-3965-b9b9-f8e931427c6b  |i 5ba5bfa2-a048-3a63-b8b4-9d43b187c8ed  |t 0 
952 f f |a Texas A&M University  |b College Station  |c Electronic Resources  |d Available Online  |t 0  |h No information provided 
998 f f |t 0  |l Available Online